[Event "EU-chT 08th Final"]
[Site "Plovdiv"]
[Date "1983.??.??"]
[Round "3.1"]
[White "Timman, Jan H"]
[Black "Ljubojevic, Ljubomir"]
[Result "1/2-1/2"]
[WhiteElo "2605"]
[BlackElo "2645"]
[Annotator "ChessBase"]
[PlyCount "141"]
[EventDate "1983.06.23"]
[EventType "team-tourn"]
[EventRounds "7"]
[EventCountry "BUL"]
[SourceTitle "EU-chT"]
[Source "ChessBase"]
[SourceDate "1999.07.01"]
[SourceVersion "2"]
[SourceVersionDate "1999.07.01"]
[SourceQuality "1"]
[WhiteTeam "Netherlands"]
[BlackTeam "Yugoslavia"]
[WhiteTeamCountry "NED"]
[BlackTeamCountry "YUG"]

1. d4 Nf6 2. c4 e6 3. Nf3 d5 4. Nc3 Be7 5. Bg5 h6 6. Bh4 O-O 7. e3 b6 8. Bd3
Bb7 9. O-O c5 10. Qe2 Nbd7 11. Rfd1 Rc8 12. cxd5 Nxd5 13. Nxd5 Bxh4 14. Nc3
cxd4 (14... Bf6 15. Be4 Bxe4 16. Nxe4 cxd4 17. Nxd4 $14) 15. exd4 Qe7 $6 (15...
Bf6 $142 $10 {Timman}) 16. Ba6 Bxa6 17. Qxa6 Nb8 18. Qa4 Bf6 19. Ne4 a6 20. Qb3
b5 21. a4 bxa4 22. Rxa4 Rfd8 23. h3 Rd5 24. Rb4 Qd8 25. Nxf6+ gxf6 26. Qe3 Kg7
27. Rc1 (27. Qf4 $5 Nc6 28. Rb3 $14) 27... a5 28. Rbc4 Rxc4 29. Rxc4 Nd7 30.
Qb3 Qb6 (30... Nb6 $6 31. Rc6 Rd6 32. Rxd6 Qxd6 33. Qb5 $16) 31. Qc3 Qb5 32.
Rc7 Qb6 33. Rc8 Qb7 34. Re8 (34. Nd2 $142 Rg5 35. f3 Rb5 36. b3 $14) 34... Nf8
35. Rc8 Rb5 36. Rc7 Qb8 37. Nh4 Rb7 38. Rc8 (38. Rxb7 Qxb7 $10) 38... Qf4 39.
Nf3 Nd7 40. Rg8+ Kxg8 41. Qc8+ Nf8 42. Qxb7 Qc1+ 43. Kh2 Qf1 44. Kg3 Kg7 45.
Qb6 $6 (45. h4 $10) 45... a4 46. Qb4 Ng6 47. Qxa4 Qc1 48. Kh2 Qxb2 49. Kg1 Qc1+
50. Kh2 Qf1 51. d5 exd5 52. Qd4 Qc4 53. Qe3 Qe4 54. Qxe4 dxe4 55. Nd4 Ne7 56.
Kg3 f5 57. f3 $10 exf3 58. gxf3 Kf6 59. f4 Nd5 60. Kf3 Nc7 61. Ne2 Ne6 62. Ng3
Ng7 63. Ke3 Ke6 64. Kd4 Kd6 65. Kc4 Ke6 66. Kd4 Ne8 67. Nh5 Nd6 68. Ng7+ Kf6
69. Nh5+ Kg6 70. Ng3 Ne8 71. Ke3 1/2-1/2

[Event "Interzonal-15"]
[Site "Manila"]
[Date "1990.??.??"]
[Round "8"]
[White "Nikolic, Predrag"]
[Black "Short, Nigel D"]
[Result "1-0"]
[WhiteElo "2600"]
[BlackElo "2610"]
[Annotator "ChessBase"]
[PlyCount "79"]
[EventDate "1990.06.29"]
[EventType "swiss"]
[EventRounds "13"]
[EventCountry "PHI"]
[SourceTitle "CBM 019"]
[Source "ChessBase"]
[SourceDate "1990.12.01"]
[SourceVersion "1"]
[SourceVersionDate "1990.12.01"]
[SourceQuality "1"]

1. d4 Nf6 2. c4 e6 3. Nf3 d5 4. Nc3 Be7 5. Bg5 h6 6. Bh4 O-O 7. e3 b6 8. Be2
Bb7 9. Bxf6 Bxf6 10. cxd5 exd5 11. O-O Re8 12. b4 c6 13. Qb3 Qd6 14. a4 Nd7 15.
a5 Rad8 16. axb6 axb6 17. Ra7 Qb8 18. Ra2 (18. Rfa1) 18... b5 19. Ne1 Be7 20.
Nd3 Bd6 21. g3 Nb6 22. Bf3 Bc8 23. Rfa1 Bf5 24. Nc5 $14 Nc4 25. Ne2 Re7 26. Qd1
Rde8 27. Nf4 Kh7 28. Bg4 Bxg4 29. Qxg4 Bxc5 30. dxc5 g6 31. Qf3 Kg7 32. Ne2 Re6
33. Nd4 Rf6 34. Qe2 Qe5 35. Re1 Qe4 36. Ra6 Ne5 37. Rf1 h5 38. f3 Qxd4 39. exd4
Nxf3+ 40. Qxf3 1-0

[Event "Hoogovens"]
[Site "Wijk aan Zee"]
[Date "1985.01.20"]
[Round "3"]
[White "Ftacnik, Lubomir"]
[Black "Beliavsky, Alexander G"]
[Result "1/2-1/2"]
[WhiteElo "2545"]
[BlackElo "2635"]
[Annotator "ChessBase"]
[PlyCount "117"]
[EventDate "1985.01.18"]
[EventType "tourn"]
[EventRounds "13"]
[EventCountry "NED"]
[EventCategory "13"]
[SourceTitle "MCL"]
[Source "ChessBase"]
[SourceDate "1999.07.01"]
[SourceVersion "1"]
[SourceVersionDate "1999.07.01"]
[SourceQuality "1"]

1. d4 d5 2. c4 e6 3. Nc3 Nf6 4. Bg5 Be7 5. Nf3 O-O 6. e3 h6 7. Bh4 b6 8. Rc1
Bb7 9. Be2 dxc4 10. Bxc4 Nbd7 11. O-O c5 12. Qe2 cxd4 13. exd4 Nh5 14. Bg3 Ndf6
15. Rfd1 Bd6 16. Ne5 (16. d5 $5) 16... Rc8 17. Ba6 Qc7 (17... Qe7 18. Ng6 $1
fxg6 19. Bxb7 Nxg3 (19... Bxg3 20. Bxc8 $16) 20. hxg3 Rc7 (20... Qxb7 21. Qxe6+
Qf7 22. Qxd6 Ng4 23. f3 Ne3 24. Re1 $16) 21. Be4 Nxe4 22. Nxe4 $14) 18. Nb5
Qxc1 19. Bxb7 Bb8 20. Bxc8 Qxc8 21. Nc3 Qb7 22. Qb5 $6 (22. Qf3 $142) 22... Rc8
23. a4 a6 24. Qb3 Nxg3 25. hxg3 Bxe5 26. dxe5 Ng4 27. Rd6 b5 28. axb5 axb5 29.
Qd1 Nxe5 30. Rd8+ Rxd8 31. Qxd8+ Kh7 32. Qa5 Nd3 33. Qxb5 Qxb5 34. Nxb5 Nxb2
35. g4 Nc4 36. Kh2 g5 37. Kg3 Kg6 38. Nd4 Kf6 39. Nc6 Ne5 40. Nb4 Ke7 41. Na2
Kd6 42. Nc3 Nd7 43. f3 Nf6 44. Kf2 Kc5 45. Ke2 Kc4 46. Kd2 Ne8 47. Ne4 Kd4 48.
g3 f5 49. gxf5 exf5 50. Nc3 Nf6 51. Ne2+ Kc4 52. Nc1 h5 53. Nd3 Kd4 54. Ne1 Nd5
55. Nc2+ Kc4 56. Na3+ Kc5 57. Nc2 f4 58. gxf4 Nxf4 59. Ke3 1/2-1/2

[Event "Hoogovens"]
[Site "Wijk aan Zee"]
[Date "1985.02.01"]
[Round "12"]
[White "Romanishin, Oleg M"]
[Black "Portisch, Lajos"]
[Result "1/2-1/2"]
[WhiteElo "2570"]
[BlackElo "2635"]
[Annotator "ChessBase"]
[PlyCount "99"]
[EventDate "1985.01.18"]
[EventType "tourn"]
[EventRounds "13"]
[EventCountry "NED"]
[EventCategory "13"]
[SourceTitle "MCL"]
[Source "ChessBase"]
[SourceDate "1999.07.01"]
[SourceVersion "1"]
[SourceVersionDate "1999.07.01"]
[SourceQuality "1"]

1. d4 Nf6 2. c4 e6 3. Nf3 d5 4. Nc3 Be7 5. Bg5 O-O 6. e3 h6 7. Bh4 b6 8. Bd3
Nbd7 9. O-O Bb7 10. Bg3 c5 11. Rc1 Ne4 12. cxd5 exd5 13. dxc5 Nxc3 (13... bxc5
$2 14. Bxe4 dxe4 15. Nd2 Nf6 16. Qb3 $1 Qb6 (16... Qxd2 $4 17. Rfd1 $18) 17.
Rfd1 $16) (13... Ndxc5 14. Bb1 Nxg3 15. hxg3 $14) 14. Rxc3 bxc5 15. Bb1 (15. h3
$5 Bf6 16. Rc1 Qb6 17. Bf5) 15... Bf6 16. Rc1 Qb6 (16... Bxb2 $4 17. Qc2 $18)
17. Bf5 Rfd8 18. Qc2 Be7 (18... Rac8 19. b4 $1 c4 (19... cxb4 20. Bc7 Qb5 21.
Bd3 Rxc7 22. Qxc7 Qxd3 23. Qxb7 $18) 20. Rfd1 $16) 19. e4 $1 dxe4 (19... d4 $2
20. b4 $1 d3 (20... cxb4 21. Bc7 Qa6 22. Bxd8 Rxd8 23. Qc7) 21. Qxd3 Ne5 22.
Qe3 Nxf3+ 23. Qxf3 cxb4 24. Bc7 $18) (19... g6 20. Bxd7 Rxd7 21. Ne5 Rdd8 22.
exd5 Bxd5 23. b3 Rac8 24. Rfe1 $14) 20. Bxe4 Bxe4 21. Qxe4 Bf6 22. b3 Rac8 23.
h3 Nf8 24. Be5 Bxe5 (24... Re8 25. Qd5 $36) 25. Qxe5 Ne6 $10 26. Nh4 Rd2 (26...
g6 $5) 27. Nf5 Qc7 28. Qe3 Rcd8 (28... Rxa2 29. Rc4 {/\Rg4}) 29. Rc4 R8d3 30.
Qe4 h5 $1 31. Ne3 (31. b4 $2 g6 32. Ne3 Rd4 33. Qa8+ Kg7 34. bxc5 Rxc4 35. Nxc4
Rxa2 36. Nd6 Qxc5 37. Ne8+ Kh6 38. Nf6 Qf8 $17) 31... Rd4 32. Qa8+ Rd8 33. Qf3
Qe5 34. Re4 Qg5 35. h4 Qg6 36. Re5 Rxa2 37. Nd5 Qg4 $8 38. Qe3 Rxd5 (38... Qxh4
$5 39. Re4 Qg5 40. Rxe6 Rxd5 $1 $17) 39. Rxd5 Nf4 40. Rd8+ Kh7 41. g3 Ne2+ 42.
Kg2 Nd4 $1 $10 43. Re8 f5 (43... Nf5 $6 44. Qe4) 44. Qf4 (44. Rb8 Re2 45. Qd3
Nc2 $40) 44... Qxf4 45. gxf4 Nxb3 46. Rd1 c4 47. Rd7 (47. Rc8 Nd2 {/\ Ne4})
47... c3 48. Ree7 c2 49. Rxg7+ Kh6 50. Rh7+ 1/2-1/2

[Event "YUG-ch40"]
[Site "Novi Sad"]
[Date "1985.04.??"]
[Round "?"]
[White "Cvitan, Ognjen"]
[Black "Abramovic, Bosko"]
[Result "1-0"]
[WhiteElo "2465"]
[BlackElo "2460"]
[Annotator "ChessBase"]
[PlyCount "73"]
[EventDate "1985.04.07"]
[EventType "tourn"]
[EventRounds "17"]
[EventCountry "YUG"]
[EventCategory "7"]
[SourceTitle "MCL"]
[Source "ChessBase"]
[SourceDate "1999.07.01"]
[SourceVersion "1"]
[SourceVersionDate "1999.07.01"]
[SourceQuality "1"]

1. Nf3 e6 2. c4 d5 3. d4 Nf6 4. Nc3 Be7 5. Bg5 h6 6. Bh4 O-O 7. e3 b6 8. Qc2
Bb7 9. Bxf6 Bxf6 10. cxd5 exd5 11. O-O-O c5 12. h4 Nc6 13. g4 cxd4 14. exd4 g6
15. g5 hxg5 16. hxg5 Bg7 17. Qd2 Qd6 (17... Re8 18. Qf4 Rc8 19. Kb1 Na5 20. Bd3
Nc4 21. Qh4 $40) 18. Rh4 Rac8 19. Bh3 Rc7 20. Kb1 a6 21. Rh1 Na5 22. Bf1 Bc8
23. Ne5 Bf5+ 24. Bd3 Nc4 25. Nxc4 dxc4 26. Bxf5 gxf5 27. Qe3 Rd8 28. Qh3 Kf8
29. Re1 Qg6 30. Nd5 Rxd5 31. Rh8+ Bxh8 32. Qxh8+ Qg8 33. Re8+ Kxe8 34. Qxg8+
Kd7 35. g6 Ke6 36. g7 Kf6 37. Qf8 1-0

[Event "Khanty-Mansiysk FIDE GP (Women)"]
[Site "Khanty-Mansiysk"]
[Date "2014.04.17"]
[Round "8"]
[White "Ushenina, Anna"]
[Black "Kosintseva, Tatiana"]
[Result "1-0"]
[WhiteElo "2501"]
[BlackElo "2496"]
[Annotator "ChessBase Website"]
[PlyCount "107"]
[EventDate "2014.04.09"]
[EventType "tourn"]
[EventRounds "11"]
[EventCountry "RUS"]
[EventCategory "10"]
[SourceTitle "CBM 160"]
[Source "ChessBase"]
[SourceDate "2014.05.15"]
[SourceVersion "1"]
[SourceVersionDate "2014.05.15"]
[SourceQuality "1"]
[TimeControl "40/5400+30:1800+30"]
[WhiteClock "1:30:00"]
[BlackClock "1:30:00"]

1. d4 {[%emt 0:00:00]} d5 {[%emt 0:00:00]} 2. c4 {[%emt 0:00:00]} e6 {[%emt 0:
00:00]} 3. Nc3 {[%emt 0:01:42]} Be7 {[%emt 0:00:00]} 4. Nf3 {[%emt 0:01:59]}
Nf6 {[%emt 0:00:15]} 5. Bg5 {[%emt 0:01:27]} h6 {[%emt 0:00:17]} 6. Bh4 {
[%emt 0:00:20]} O-O {[%emt 0:00:26]} 7. e3 {[%emt 0:02:04]} b6 {[%emt 0:00:21]}
8. Be2 {[%emt 0:00:32]} Bb7 {[%emt 0:05:36]} 9. Bxf6 {[%emt 0:00:30]} Bxf6 {
[%emt 0:00:07]} 10. cxd5 {[%emt 0:00:08]} exd5 {[%emt 0:00:09]} 11. b4 {
[%emt 0:00:27]} c5 {[%emt 0:02:08]} 12. bxc5 {[%emt 0:00:10]} bxc5 {[%emt 0:00:
05]} 13. Rb1 {[%emt 0:00:06]} Bc6 {[%emt 0:00:36]} (13... Bc8 14. O-O Nc6 15.
Rc1 cxd4 16. Nb5 Qb6 17. Nbxd4 Nxd4 18. Nxd4 Bxd4 19. Qxd4 Qxd4 20. exd4 {
1/2-1/2 (20) Giri,A (2730)-Naiditsch,A (2712) Belgium 2013}) 14. Bb5 {[%emt 0:
01:27]} a6 {[%emt 0:11:33]} 15. Be2 $146 {[%emt 0:04:37]} (15. Bxc6 Nxc6 16.
O-O cxd4 {1/2-1/2 (16) Ivkov,B (2525)-Petrosian,A (2495) Sarajevo 1986}) 15...
Nd7 {[%emt 0:04:17]} 16. O-O {[%emt 0:00:07]} Qe7 {[%emt 0:07:58]} 17. Qd2 {
[%emt 0:03:08]} Rfd8 {[%emt 0:13:25]} 18. Rfd1 {[%emt 0:10:01]} g6 {[%emt 0:06:
00]} 19. dxc5 {[%emt 0:06:20]} Nxc5 {[%emt 0:02:13]} 20. Nd4 {[%emt 0:00:23]}
Be8 {[%emt 0:01:59]} 21. Bf3 {[%emt 0:08:53]} Qe5 {[%emt 0:08:59]} 22. Nce2 {
[%emt 0:03:51]} a5 {[%emt 0:03:21]} 23. Rb6 {[%emt 0:04:42]} Na4 {[%emt 0:07:
40]} 24. Rbb1 {[%emt 0:03:22]} Nc5 {[%emt 0:00:26]} 25. Rdc1 {[%emt 0:12:23]}
Ne4 {[%emt 0:02:58]} 26. Qd3 {[%emt 0:01:18]} Ng5 {[%emt 0:02:17]} 27. Ng3 {
[%emt 0:07:38]} Nxf3+ {[%emt 0:01:41]} 28. Nxf3 {[%emt 0:00:06]} Qe7 $11 {
[%emt 0:03:53][%csl Ge8,Gf6] The game was even all throughout, with Kosintseva
having compensation for her isolated pawn in the form of two bishops. An
interesting strategical struggle was marred by a horrible miscalculation by
the Russian player, who surely thought she was winning only to miss a mating
attack by her opponent.} 29. Nd4 {[%emt 0:00:06]} Bg7 {[%emt 0:00:58]} 30. h3 {
[%emt 0:02:05]} a4 {[%emt 0:01:05]} 31. Nge2 {[%emt 0:01:40]} Qe4 {[%emt 0:03:
13]} 32. Qd2 {[%emt 0:02:44]} Rac8 {[%emt 0:02:15]} 33. Nc3 {[%emt 0:03:28]}
Qe7 {[%emt 0:01:49]} 34. Ncb5 {[%emt 0:01:40]} Rc4 {[%emt 0:01:35]} 35. Qa5 {
[%emt 0:05:36]} Rdc8 {[%emt 0:03:19]} 36. Rxc4 {[%emt 0:00:34]} dxc4 {[%emt 0:
00:47]} 37. Nc3 {[%emt 0:05:47]} Kh7 {[%emt 0:01:59]} 38. Qa6 {[%emt 0:00:54]}
Qd8 {[%emt 0:01:39]} 39. Rd1 {[%emt 0:05:45]} Qc7 {[%emt 0:00:41]} 40. Ncb5 {
[%emt 0:00:00]} Bxb5 {[%emt 0:00:00]} 41. Nxb5 {[%emt 0:05:47]} Qc5 {[%emt 0:
20:58]} 42. Nd4 {[%emt 0:08:49]} c3 {[%emt 0:11:07]} 43. Qxa4 {[%emt 0:04:32]}
Rb8 {[%emt 0:00:04]} 44. Nb3 {[%emt 0:03:49]} Qf5 {[%emt 0:00:25]} 45. Rc1 {
[%emt 0:03:16]} Qd3 {[%emt 0:01:04]} 46. Qa7 {[%emt 0:02:55]} Rb5 {[%emt 0:00:
03]} 47. Kh2 {[%emt 0:04:10]} c2 {[%emt 0:01:08]} 48. Nd4 {[%emt 0:01:26]} Rb1
{[%emt 0:00:34]} 49. Rxc2 {[%emt 0:00:46]} Bxd4 {[%emt 0:00:28]} 50. Qxf7+ {
[%emt 0:00:24]} Bg7 {[%emt 0:00:01]} 51. Rc7 {[%emt 0:00:05]} Qd6+ {[%emt 0:00:
52]} 52. f4 {[%emt 0:00:04]} Qxc7 {[%emt 0:00:39]} 53. Qxc7 {[%emt 0:00:01]}
Ra1 {[%emt 0:00:30]} 54. Qc4 {[%emt 0:00:07]} 1-0

[Event "Olympiad-23"]
[Site "Buenos Aires"]
[Date "1978.11.04"]
[Round "10"]
[White "Gulko, Boris F"]
[Black "Bleiman, Yaacov"]
[Result "0-1"]
[WhiteElo "2575"]
[BlackElo "2440"]
[Annotator "Czerniak,M"]
[PlyCount "72"]
[EventDate "1978.10.25"]
[EventType "team-swiss"]
[EventRounds "14"]
[EventCountry "ARG"]
[SourceTitle "EXT 2002"]
[Source "ChessBase"]
[SourceDate "2001.11.25"]
[SourceVersion "1"]
[SourceVersionDate "2001.11.25"]
[SourceQuality "1"]
[WhiteTeam "Soviet Union"]
[BlackTeam "Israel"]
[WhiteTeamCountry "URS"]
[BlackTeamCountry "ISR"]

{Inf.26/578} 1. d4 d5 2. c4 e6 3. Nc3 Nf6 4. Bg5 Be7 5. e3 h6 6. Bh4 O-O 7. Nf3
b6 8. Rc1 Bb7 9. Be2 dxc4 10. O-O Nbd7 11. Bxc4 a6 12. a4 c5 $11 13. Qe2 Nd5 (
13... Ne8 {/\ Nd6}) 14. Bg3 Nxc3 15. Rxc3 Nf6 16. dxc5 Bxc5 17. Rd1 $14 Qe8 18.
Be5 $1 Qxa4 $2 (18... Nd7 $6 19. Bd6 Bxd6 20. Rxd6 Qe7 $13) (18... Nd5 19. Bxd5
Bxd5 20. e4 Bb7 21. a5 Qb5 $13) 19. Bxf6 gxf6 20. Nd4 Rfd8 21. Qg4+ Kh8 (21...
Kf8 $2 22. Bxe6 $1 Rxd4 (22... Bxd4 23. Rc7 $18) (22... fxe6 23. Nxe6+ Ke7 24.
Qxa4 $18) 23. exd4 fxe6 24. b3 Qb4 25. Rg3 Bxd4 26. Qg7+ Ke8 27. Qxb7 $18) 22.
Qh5 Bf8 (22... Kg7 23. Nf5+ (23. Bxe6 $1) 23... exf5 24. Qxf7+ Kh8 25. Rxd8+
Rxd8 26. Qxf6+ Kh7 27. Qxf5+ Kh8 28. Qf6+ Kh7 29. Qxd8 $18) 23. Bb3 Qe8 (23...
Qd7 $2 24. Nxe6) 24. Rc7 Be4 (24... Bd5 25. Bc2 {/\ Nf5!}) 25. Rxf7 Ra7 26.
Bxe6 $16 Rxf7 27. Bxf7 Qe5 28. Qg4 Bc5 29. Ne6 $2 (29. Rd2 $1 Bd6 (29... h5 30.
Qxh5+ Qxh5 31. Bxh5 $18) (29... Bxd4 30. Rxd4 $18) (29... f5 30. Qg6 Qg7 31.
Ne6 $1 $18) 30. Ne6 f5 31. Qg6 $18) 29... Rxd1+ 30. Qxd1 Bd6 $1 31. f4 $2 (31.
Nf4 Qxb2 32. f3 Qb1 $17) (31. Qg4 Qxh2+ 32. Kf1 Qh1+ 33. Ke2 Qxg2 $17) (31. g3
Qxb2 32. f3 Qb1 $17) 31... Qxb2 32. Qf1 Qd2 33. h3 Qxe3+ $19 34. Kh2 (34. Kh1
Qxh3+) 34... Bd5 $1 $19 35. Qxa6 Bxf4+ 36. Nxf4 Qxf4+ 0-1

[Event "Poikovsky Karpov 03rd"]
[Site "Poikovsky"]
[Date "2002.04.17"]
[Round "2"]
[White "Onischuk, Alexander"]
[Black "Vaganian, Rafael A"]
[Result "1/2-1/2"]
[WhiteElo "2641"]
[BlackElo "2664"]
[Annotator "Dautov,R"]
[PlyCount "91"]
[EventDate "2002.04.16"]
[EventType "tourn"]
[EventRounds "9"]
[EventCountry "RUS"]
[EventCategory "16"]
[SourceTitle "CBM 089"]
[Source "ChessBase"]
[SourceDate "2002.08.12"]
[SourceVersion "1"]
[SourceVersionDate "2002.08.12"]
[SourceQuality "1"]

{[%mdl 32768]} 1. d4 d5 2. c4 e6 3. Nc3 Be7 4. Nf3 Nf6 5. Bg5 h6 6. Bh4 O-O 7.
e3 b6 8. Be2 Bb7 9. Bxf6 Bxf6 10. cxd5 exd5 11. b4 c6 12. O-O a5 13. b5 c5 14.
Ne5 $1 {Dieser Zug wurde nach der Partie Onischuk-Rychagov sehr populär.
Bisher konnten die Nachziehenden keine überzeugende Verteidigung demonstrieren.
} cxd4 (14... Qc7 15. Ng4 Be7 16. Bf3 Rd8 17. Rc1 c4 (17... Ra7 $2 18. Ne5 Qd6
19. Bg4 Ba8 20. Na4 Rc7 21. Qc2 Bb7 22. f4 c4 23. Nc3 f6 $4 24. Qg6 $18 {
1-0 Zvjaginsev,V-Kasimdzhanov,R/Essen 2002}) 18. Ne5 Bb4 19. Nxd5 Bxd5 20. Bxd5
Rxd5 21. Rxc4 Qd8 22. Qf3 Rxe5 $2 (22... Ra7 $1 23. Rfc1 Ba3 $1 $13) 23. Qxa8
$16 {Onischuk,A-Rychagov,A/Moscow 2002}) 15. exd4 Bxe5 (15... Qc7 16. Na4 Bxe5
17. dxe5 Nd7 18. f4 Nc5 19. Rc1 $14) 16. dxe5 d4 17. Na4 Qg5 (17... Ra7 $6 18.
f4 Qd5 19. Rf2 Nd7 20. Rc1 Rc8 21. Rxc8+ Bxc8 22. Qc2 Bb7 23. Bc4 Qe4 24. Qxe4
Bxe4 25. Rd2 $18 {Khalifman,A-Beliavsky,A/Moscow 2002}) 18. Bg4 $1 (18. Bf3
Bxf3 19. Qxf3 Nd7 $11) 18... Qxe5 19. Nxb6 Ra7 20. Rb1 Be4 $1 {Ein auf den
ersten Blick riskanter Zug, da sich Schwarz freiwillig in eine Fesselung
begibt. Andererseits löst er damit seinen Figurenknäuel auf dem Damenflügel
und ermöglicht die Entwicklung des Nb8.} (20... Rd8 21. Re1 Qc5 22. Na4 Qd5 23.
Bf3 Qxa2 24. b6 $1 Bxf3 25. bxa7 Bxd1 26. Rxb8 $18) 21. Re1 f5 22. Bf3 (22. f3
d3 23. fxe4 Qd4+ 24. Kh1 fxg4 $11) 22... Kh8 (22... Nd7 $5) 23. Nc4 {Nun
verläuft das Spiel mehr oder weniger forciert.} (23. Qd2 Nd7 24. Nc4 Qd5 $11)
23... Qc5 24. Bxe4 fxe4 25. Nd2 e3 26. fxe3 dxe3 27. Ne4 Qc4 28. Rxe3 Re7 $5 {
Es sprach nichts gegen das Schlagen auf a2, aber Vaganian hat etwas anderes im
Sinn - der weiße Springer soll in der e-Linie gründlich gefesselt werden, was
Weiß die Umsetzung des Mehrbauerns unmöglich macht.} (28... Qxa2 29. b6 (29.
Re2 Qc4 $11) 29... Re7 $11) 29. Qe2 Qe6 30. Re1 Rfe8 31. Qf2 ({Oder} 31. a4 Qg6
$1 (31... Qb6 32. Kh1 Qd4 33. Qc2 $16) 32. Qc4 (32. Qf3 Nd7 33. Nc3 Rxe3 34.
Rxe3 Qb6 $11) 32... Nd7 33. R3e2 Nb6 34. Qd4 Rd7 35. Qa1 Rde7 $11) 31... Qb6
32. a4 Qd4 $11 {Erst jetzt wird der Bauer zurückerobert.} 33. h3 (33. Rf3 Qxf2+
34. Kxf2 Rxe4 35. Rxe4 Rxe4 36. Rf8+ Kh7 37. Rxb8 Rxa4 $11) 33... Nd7 34. R3e2
Qxa4 35. Nc3 Qb4 36. Rxe7 Rxe7 37. Rxe7 Qxe7 38. Qd4 Qe6 39. Na4 Kg8 40. Qd2 (
40. b6 Qc6 $11) 40... Kf7 41. b6 Ke7 42. b7 Qe5 43. Nc3 Nb8 44. Nd5+ Kd6 45.
Qxa5 Nc6 46. Qd8+ 1/2-1/2

[Event "EU-ch 5th"]
[Site "Antalya"]
[Date "2004.05.16"]
[Round "2"]
[White "Sargissian, Gabriel"]
[Black "Halkias, Stelios"]
[Result "0-1"]
[WhiteElo "2614"]
[BlackElo "2541"]
[Annotator "Dautov,R"]
[PlyCount "66"]
[EventDate "2004.05.15"]
[EventType "swiss"]
[EventRounds "13"]
[EventCountry "TUR"]
[SourceTitle "CBM 101"]
[Source "ChessBase"]
[SourceDate "2004.07.27"]
[SourceVersion "1"]
[SourceVersionDate "2004.07.27"]
[SourceQuality "1"]

1. Nf3 d5 2. d4 Nf6 3. c4 e6 4. Nc3 Be7 5. Bg5 h6 6. Bh4 O-O 7. e3 b6 8. Bd3
Bb7 9. O-O Nbd7 10. Bg3 c5 11. Qe2 Ne4 12. cxd5 exd5 13. Rad1 Qc8 14. Rc1 {
Weiß plant das Spiel gegen hängende Bauern und bringt seine Türme in die
besten Stellungen.} (14. Rfe1 Ndf6 (14... Bf6 15. Bxe4 dxe4 16. Nd2 cxd4 17.
exd4 Bxd4 18. Nb5 Bxb2 19. Nd6 Qc6 20. N2xe4 $14 {Babula,V-Gabriel,C/BL 2002-03
}) 15. dxc5 Nxc3 16. bxc3 Qxc5 17. Be5 Ne4 18. Bd4 Qa5 19. Bxe4 dxe4 20. Ne5
Qd5 21. Qg4 $36 {Babula,V-Nielsen,P/Germany 2001}) (14. Bb1 Ndf6 15. Qc2 Re8
16. Be5 Qe6 17. dxc5 bxc5 $11 {Lautier,J-Short,N/Pamplona 2000}) (14. a4 Ndf6
15. Ne5 Qe6 16. f4 $1 cxd4 $2 17. exd4 Nxg3 $6 18. hxg3 Bb4 19. g4 $16 {
Sasikiran,K-Kasimdzhanov,R/Skanderborg 2003}) 14... Ndf6 15. dxc5 (15. Ne5 $5)
15... bxc5 16. Rfd1 {Besser wäre es, den Bg3 vor dem Abtausch zu retten.} (16.
Bxe4 dxe4 17. Ne5 Ba6 18. Nc4 Qe6 19. b3 Rfd8 20. Rfd1 {1/2-1/2 Novikov,
I-Nielsen,P/New York 2000}) (16. Be5 $1 Qe6 17. Nb5 Qb6 18. b3 a6 19. Nc3 Qe6
$13) 16... Qe6 17. Bh4 g5 $1 {Ein typischer Zug. Schwarz kontrolliert das
Zentrum, deswegen braucht er die Schwächung seines Königs nicht zu befürchten.}
18. Bg3 Rfd8 19. Nd2 $2 {Zwingt Schwarz zum Abtausch auf g3, unterschätzt aber
dabei die starke gegnerische Idee im übernächsten Zug. Zum gleichen Spiel
führte 19.Qc2.} (19. b3 g4 20. Nh4 Nxc3 21. Rxc3 Ne4 22. Rc2) (19. Qc2 $1)
19... Nxg3 20. hxg3 g4 $1 {[%cal Rh6h5,Rh5h4][%mdl 32] Stark gespielt! Schwarz
verwährt dem weißen Springer das Blockadefeld h4 und plant die Öffnung der
h-Linie mittels h5-h4.} 21. b3 Kg7 22. Qf1 $2 {Sargissian plant die
Überführung eines Springers nach f4, was jedoch den schwarzen Plan nicht im
geringsten stört. Eine bessere Strategie war die Öffnung des Zentrums mittels
e3-e4, selbst wenn ein solches Vorgehen dem schwarzen Läuferpaar zugute kommt.}
(22. e4 $1 dxe4 23. Bc4 $1 (23. Ndxe4 $2 Rxd3 $1 24. Rxd3 Nxe4 $19) 23... Qe5
24. Re1 Rd4 25. Nb5 Rd7 (25... Rad8 26. Nxd4 cxd4 27. Ba6 $13) 26. Nc3 e3 27.
Qxe3 Qxe3 28. Rxe3 Bf8 29. Nde4 Nxe4 30. Nxe4 Rad8 $15) 22... a5 23. Ne2 Qe5
24. Bb5 h5 25. Nf4 Rh8 $17 {Es ist offensichtlich, daß Weiß Schwierigkeiten
hat, der schwarze Angriff ist kaum aufzuhalten.} 26. Qe2 (26. Nd3 Qc7 27. Rxc5
Bxc5 28. Rc1 h4 29. Nxc5 Qe7 $19) 26... h4 27. Nf1 Bd6 28. Bd3 (28. gxh4 Rxh4
29. Ng3 Rah8 $17) 28... Qg5 29. Qd2 Qh6 $19 {[%cal Rd5d4] Die Drohung d5-d4
entscheidet die Partie.} 30. e4 hxg3 31. fxg3 c4 32. Bb1 Rae8 33. Ne3 Bc5 (
33... Bc5 34. Kf1 Kg8 35. bxc4 Nxe4 36. Bxe4 Rxe4 37. Re1 d4 38. Qxa5 Qd6 $19)
0-1